00704nam a2200241 a 450000100060000000300080000600500170001400800410003102000220007203500190009404000420011304100080015508200270016310000220019024500640021226000320027630000320030850000190034050400290035965000310038865000200041965000230043969810BD-RjUL20211209081928.0170413s1984 enka b 001 0 en d a047190189X (pbk.) a(BD-RjUL)70022 aDLCcDLCdOCLdEUNdPITdBD-RjULbeng aeng a547.1223223bBAT 19841 aBassindale, Alan.14aThe third dimension in organic chemistry /cAlan Bassindale aChichester :bWiley,cc1984 axii, 242 p. :bill ;c23 cm aIncludes index aBibliography: p. 235-236 0aPhysical organic chemistry 0aStereochemistry 0aChemistry, Organic